01175nam a2200229Ia 450000100060000000300090000600800410001504000130005604000130006904100120008210000180009410000290011224500350014124500350017625000110021126000450022226000490026730000570031650005010037365000400087465000310091471921IT-RoPAU130308s9999 xx 000 0 und d aIT-RoPAU cIT-RoPAU aINGLESE aRiddle Nelson gCodice Aut. SPICS: 29315 aChurch and Communication (The) bChurch And Communication (The) a1a ed. bs.e. (senza Editrice o non identificata) c1988 [1° Ed.:1988 - Ed.Ling.Originale:1988] a"150 p. (prefazione: no ; testo: 150 [pagine: 0-0])" aChiesa e Comunicazione Analisi dei Rapporti inviati Dalle conferenze Episcopali in Risposta a un Questionario della pontificia commissione della Comunicazione Sociale Applicazioni dell'Inter Mirifica e Communio Et Progressiopresenza Cattolica nel Campo della Comunicazione Sociale Attività della Chiesa con I Media Chiesa a Confronto con Il fenomeno della Comunicazione Comunicazione Sociale nella Vita della Chiesa prospettive per un Nuovo Documento Sommario delle Risposte Dalle varie Nazioni aCOMMENTI AI DOCUMENTI ECCLESIASTICI eCodice materia Spics: 9102